Регионална библиотека "Любен Каравелов" - Русе

Музиката като култура (Запис номер 111025)

MARC детайли
000 -Лидер
Контролно поле с фиксирана дължина 02177nam a2200421 c 4500
003 - Код на организацията, давaща контролен номер
Контролно поле BLK
005 - Дата и час на последна редакция
Контролно поле 20241016085247.0
008 - Елементи от данни с фиксирана дължина
fixed length control field 180409b bul|||||r ||||||| ||bul||
010 ## - Наследен системен номер
LC control number KNG00116359000
020 ## - Международен стандартен номер на книга ISBN
Международен стандартен номер на книга ISBN 954-430-882-2
-- издат.: Акад. изд. Проф. Марин Дринов
040 ## - Източник на каталожния запис
Идентификатор на билиотеката - собственик на записа BLK
041 ## - Код за език
Код за езика на текст/звукозапис или на отделно заглавие Български
Код за езика КДБФ Български
080 ## - УДК
Текстов определител УДК Естетика. Философия. Вкус. Теория на музиката. Вж и 534.3;781
УДК код - определител по УДК 78.01
УДК определител
УДК - код + определител 78.01
080 ## - УДК
Текстов определител УДК Психотерапия - Психодрама, лечение по системата на йогите, колективна психотерапия, терапевтично влияние на музиката, изкуство. Медитация - психотерапевтични аспекти. Самовнушение. Вж и 616.89
УДК код - определител по УДК 615.851
УДК определител
УДК - код + определител 615.851
100 1# - Редна дума - Автор
Автор Христозов, Христо Димитров
Авторска отговорност първи автор
R(LIN) 251117
139 ## - Редно поле
Редна дума Христозов, Христо Димитров
Авторски знак Христод - Х 82
245 10 - Сведения за заглавието
Заглавие Музиката като култура
Редно поле (дума) Христо Димитров Христозов; предг. от Димитър Йорданов Христов.
257 ## - Страна на издаване
Страна на създаване/издаване България
260 ## - Област на издателските данни
-- София
Име на издателя, разпространителя и проч. Акад. изд. Проф. Марин Дринов
Година на издаване 2003
300 ## - Физическа характеристика
Страници 176 с.
Размери/Мащаб 20 см
380 ## - Жанр
Жанр Изкуство
500 ## - Общи забележки
Забележка Офс. изд. - 300 тир. - Рез. на англ. ез.
650 #4 - Допълнително описание по предмет – тема
Основно описание – тема или топоним Естетика, музикална
9 (RLIN) 246673
650 #4 - Допълнително описание по предмет – тема
Основно описание – тема или топоним Музикална психология
9 (RLIN) 300380
650 #4 - Допълнително описание по предмет – тема
Основно описание – тема или топоним Терапия, музикална
9 (RLIN) 283777
653 ## - Ключова дума – ненормативна
Ключова дума музика
653 ## - Ключова дума – ненормативна
Ключова дума култура
653 ## - Ключова дума – ненормативна
Ключова дума естетика
653 ## - Ключова дума – ненормативна
Ключова дума психология
653 ## - Ключова дума – ненормативна
Ключова дума музикална терапия
700 ## - Други автори (авторска отговорност)
Лично име Христов, Димитър Йорданов
Дати, свързани с автора 1933 - 2017
Друга информация Бълг. композитор, професор, доктор на изкуствознанието
9 (RLIN) 312038
852 ## - Местоположение
Форматна сигнатура Цб 221825
856 4# - Електронен адрес и достъп
Електронен формат pdf - файл
Път до файла /url/
856 4# - Електронен адрес и достъп
Електронен формат pdf - файл
Път до файла /url/
942 ## - АРТИКУЛИ
Вид на библиотечния материал Книги
Скрит в OPAC Не
Koha issues (borrowed), all copies 1
944 ## - СЪЗДАВАНЕ И РЕДАКЦИЯ на ЗАПИСА
Създаване/Редакция Създаване
Дата на регистрацията/редакция 17.11.2004
Служител, извършил регистрацията/редакцията 30540
Статус, дата на статуса Севдалина Тодорова
944 ## - СЪЗДАВАНЕ И РЕДАКЦИЯ на ЗАПИСА
Създаване/Редакция Редакция
Дата на регистрацията/редакция 31.10.2008
Служител, извършил регистрацията/редакцията
999 ## - СИСТЕМНИ КОНТРОЛНИ НОМЕРА
Koha biblionumber 111025
Koha biblioitemnumber 111025
Наличности
Код за отписване Код за изгубен артикул Източник на класификационната схема Код за повреда Коз за рестрикции Код за отдаване Артикулен № Име на библиотеката - собственик Име на библиотеката, в която се намира в момента Статус (Текущо местоположение) Дата на вписване в системата Местоположение - отдел Цена в лева Инвентарен номер Систематично азбучна сигнатура Баркод Номер на екземпляра Цена в евро Служебна бележка Служебен тип на артикула
  Не е изгубен Universal Decimal Classification Не е повреден само за читалня ползва се в читалня 178404 Регионална библиотека "Любен Каравелов" Русе Регионална библиотека "Любен Каравелов" Русе Хранилище 2004-11-23 Хранилище 6.50 120000690393 Цб 221825 120000690393 1 3.32 Дост: Dp Вид: Д N: 7 Дата: 04.02.2004 Книги
  Не е изгубен Universal Decimal Classification Не е повреден без рестрикции заемане за дома 178405 Регионална библиотека "Любен Каравелов" Русе Регионална библиотека "Любен Каравелов" Русе Отдел Изкуство - подръчен фонд 2008-10-17 Отдел Изкуство - подръчен фонд 6.50 120000730659 78.01/Х 82 120000730659 2 3.32 Дост: Pk Вид: Ф N: 8705 Дата: 14.10.2008 Дата инв: 19.06.2012 Бележки инв: * Книги
  Не е изгубен Universal Decimal Classification Не е повреден без рестрикции заемане за дома 178406 Регионална библиотека "Любен Каравелов" Русе Регионална библиотека "Любен Каравелов" Русе Отдел Изкуство - подръчен фонд 2008-10-17 Отдел Изкуство - подръчен фонд 6.50 120000730660 78.01/Х 82 120000730660 3 3.32 Дост: Pk Вид: Ф N: 8705 Дата: 14.10.2008 Дата инв: 03.04.2017 Бележки инв: ИП2017 Книги
Vip Innovations Ltd, Rousse, Bulgaria 2025